000 00203 a2200085 4500
020 _a‎ 9780367871369
100 _aJens Holger Rindel
245 _aSound Insulation in Buildings
260 _bCRC Press
_c2020
999 _c13647
_d13647